Quizzes
Events
Quiz Creation
Community
Videos
Private Events
Remove Ads
Sign In
Join for FREE
Feedback
Dark Mode
Quiz Categories
Sports
Geography
Music
Movies
Television
Just For Fun
Miscellaneous
History
Literature
Language
Science
Gaming
Entertainment
Religion
Holiday
For Kids
Quiz Lab
Recent
Popular Today
Quiz Kudos Today
Editor Picks
Curator Picks
Quizzes by...
Day
Popularity
Type
Ratings
Length
Year
Community
Subscriptions
Recent Discussions
Orange Saloon
Badges
Playlists
Quests
Create
Leaderboards
Showdown
Live 5
Trivia Bingo
Activity
Puzzle Library
Sporcle Events
Private Events
Virtual Trivia
Globe League
Become a Host
Pub Owners
SporcleCon
Opinionation
Our Games
Videos
Blog
Mobile Apps
Partnerships
Remove Ads and Go Orange
Feedback
Science
Computer
Plants
Astronomy
Chemistry
Elements
Math
Animal
Physics
Anatomy
Biology
Geology
General Science
Science
Computer
Plants
Astronomy
Chemistry
Elements
Math
Animal
Physics
Anatomy
Biology
Geology
General Science
Random Quiz
Search Sporcle
×
Quiz Lab
Quiz Lab
Science
Family
Type in answers that appear in a list
Type in answers that appear in a list
Classic
Best Score? Go Orange.
Bird Families Stats
Can you name the Bird Families in each order?
By
mdilly
20m
63 Questions
52 Plays
52 Plays
52 Plays
Comments
Comments
Give Quiz Kudos
Give Quiz Kudos
-
- Ratings
hide this ad
Random Order
Randomize order of answers
Randomize order of answers
Replay
Link that replays current quiz
Next Quiz
Link to next quiz in quiz playlist
You Got
0%
They Got
Avg Score
59%
Avg Friend Score
Upgrade to see
Score Distribution
Jump to the score distribution portion of the page
Score
0/63
Timer
20:00
0
Plays Today
Hint
Answer
% Correct
Strigiformes Owls
Strigidae
92.3%
Piciformes Woodpeckers
Picidae
90.4%
Caprimulgiformes Nightjars, nighthawks
Caprimulgidae
88.5%
Apodiformes swifts
Apodidae
86.5%
Trogoniformes trogons
Trogonidae
82.7%
Falconiformes Falcons, Caracaras
Falconidae
82.7%
Passeriformes crows, jays
Corvidae
80.8%
Strigiformes Barn Owls
Tytonidae
78.8%
Apodiformes hummingbirds
Trochilidae
78.8%
Bucerotiformes Hornbills
Bucerotidae
78.8%
Passeriformes Mockingbirds, thrashers, catbirds
Mimidae
76.9%
Coraciiformes Rollers
Coraciidae
75%
Passeriformes (suboscines) tyrant flycatchers
Tyrannidae
75%
Coraciiformes Todies
Todidae
73.1%
Piciformes Toucans
Ramphastidae
73.1%
Passeriformes waxwings
Bombycillidae
73.1%
What ORDER are parrots, cockatoos, parakeets, and macaws in?
Psittaciformes
73.1%
Passeriformes Starlings
Sturnidae
71.2%
Coliiformes Mousebirds
Coliidae
69.2%
Coraciiformes Motmots
Momotidae
69.2%
Bucerotiformes Hoopoes
Upupidae
69.2%
Passeriformes Old World Sparrows
Passeridae
69.2%
Leptosomiformes Cuckoo-
Roller
Leptosomidae
67.3%
Cariamiformes Seriemas
Cariamidae
67.3%
Passeriformes (suboscines) pittas
Pittidae
65.4%
Passeriformes shrikes
Laniidae
65.4%
Passeriformes viroes, greenlets, peppershrikes
Vireonidae
65.4%
Passeriformes tits, chickadees
Paridae
65.4%
Passeriformes Cardinals, Buntings, grosbeaks
Cardinalidae
65.4%
Passeriformes Blackbirds, orioles, meadowlarks
Icteridae
63.5%
Passeriformes vangas
Vangidae
61.5%
Passeriformes kinglets, goldcrests
Regulidae
61.5%
Hint
Answer
% Correct
Passeriformes Thrushes
Turdidae
61.5%
Coraciiformes Kingfishers
Alcedinidae
59.6%
Passeriformes (suboscines) cotingas, cock-
of-
the-
rock, fruiteaters
Cotingidae
59.6%
Passeriformes nuthatches
Sittidae
59.6%
Piciformes Honeyguides
Indicatoridae
57.7%
Passeriformes Finches, Grosbeaks, Canaries
Fringillidae
57.7%
Caprimulgiformes potoos
Nyctibiidae
55.8%
Passeriformes (suboscines) ovenbirds
Furnariidae
53.8%
Passeriformes lyrebirds
Menuridae
53.8%
Passeriformes swallows, martins
Hirundinidae
53.8%
Coraciiformes Bee-
eaters
Meropidae
51.9%
Passeriformes birds-
of-
paradise
Paradisaeidae
51.9%
Passeriformes larks
Alaudidae
50%
Passeriformes New World Warblers
Parulidae
48.1%
Passeriformes (suboscines) manakins
Pipridae
46.2%
Passeriformes wrens
Troglodytidae
44.2%
Passeriformes gnatcatchers
Polioptilidae
44.2%
Passeriformes Sparrows
Emberizidae
44.2%
Passeriformes Tanagers
Thraupidae
42.3%
Passeriformes (suboscines) antbirds
Thamnophilidae
40.4%
Passeriformes treecreepers
Certhiidae
38.5%
Bucerotiformes Wood-
Hoopoes
Phoeniculidae
36.5%
Passeriformes Sunbirds
Nectariniidae
36.5%
Passeriformes Wagtails, pipits
Motacillidae
36.5%
Piciformes New World Barbets
Capitonidae
34.6%
Passeriformes Weavers
Ploceidae
32.7%
Passeriformes Longspurs, Snow Bunting
Calcariidae
32.7%
Passeriformes (suboscines) Broadbills, sapayoa
Eurylaimidae
30.8%
Passeriformes bowerbirds
Ptilonorhynchidae
28.8%
Passeriformes Indigobirds, whydahs
Viduidae
28.8%
Passeriformes Waxbills, Munias
Estrildidae
26.9%
Quiz Playlist
Details
Report
Send in Message
Add To Playlist
Classic:
Type in answers that appear in a list
Random Order:
Randomize order of answers
Last Updated: Feb 16, 2017
Quiz Scoreboard
CHALLENGE
Sign Up to Join the Scoreboard
Show All
Scores
Hide
Comments
May contain spoilers
Recently Published
An Introduction to Baseball
by treessimontrees
Sports
5m
Movies - When Are They Set?
by FPL_Elf
Movies
5m
Popular People in 1961
by mucciniale
History
6m
More to Explore
Quiz From the Vault
Featured Blog Post
Where Did the Easter Bunny Come From?
hide this ad
You Might Also Like...
Tags
bird
Family
Order
Today's Top Quizzes in Science
Browse Science
hide this ad
Today's Top Quizzes in Family
Browse Family
Top Contributed Quizzes in Science
1
Quick Pick: 'CI-CJ' Animals
2
Quick Pick: Radians
3
Elements In Images
4
One Thing in Common: Science
5
One Thing in Common: Science III
6
Count to 60
7
One Thing in Common: Science II
8
One Thing in Common: Animals
9
Square Numbers Scrambled (1-50)
10
Order Up: Organs and Body Systems
Explore More
Trending Topics
Kpop
NBA
Crossword
Harry Potter
Disney
Marvel
Anime
Country
Pokémon
The Office
WWE
Soccer
NFL
Puzzle
Song
hide this ad
More By:
mdilly
Quiz
Plays
Rating
Category
Featured
Created
Bird Families
52
Science
Mar 12, 2014
Go to Creator's Profile
Score Distribution
Quiz Creator Spotlight
mdilly
Follow
Send a Message
Quizzes Created
-
Created Quiz Play Count
-
More By This Creator
Popular Quizzes Today
1
Find the Countries of Europe - No Outlines Minefield
2
Find the US States - No Outlines Minefield
3
The Countries of the World
4
Popular People in 1961
5
US States
6
Find the US States
7
1-10 Letter E Words III
8
Risky Map Clicking: Biggest States A-Z
More Science Quizzes
25 Mammals of Canada
Published
Trending Quizzes
Risky Map Clicking: Least Populous States A-Z
1-10 Letter F Words
1-10 Letter G Words
Not Quite an Element Typing Challenge
One Thing in Common: United Kingdom
Recently Updated
Leaping Animals
pecheneg
Reality TV Shows (A-Z)
bhenderson79
Rickey Henderson's Hall of Fame Teammates
pecheneg
Champions League XIs: Arsenal
pecheneg
Quick Pick: Celebrities in WWE's Hall of Fame
aduchscher
A-Z Keypad Blitz II
pecheneg
Multiple Oscar Actors
pecheneg
Mystery Phrase Blitz: Oscar 'Best Actors'
pecheneg
F. Scott Fitzgerald Novels
LTH
Pick 3 Villains
ddd62291
Trending Topics
Anime
NBA
Disney
Harry Potter
Kpop
Marvel
Crossword
Soccer
WWE
Pokémon
Song
NFL
The Office
Puzzle
Country
Your Account Isn't Verified!
In order to create a playlist on Sporcle, you need to verify the email address you used during registration. Go to your
Sporcle Settings
to finish the process.
Report this User
Report this user for behavior that violates our
Community Guidelines
.
Details:
Send Report
Go to the Sporcle.com Mobile Site →
Comments